|
|
|
|
| LEADER |
00977nab#a2200349#ar4500 |
| 001 |
000083821 |
| 003 |
SVKKK |
| 005 |
20070423110953.0 |
| 008 |
050331c2007 ne e eng |
| FMT |
|
|
|
| 015 |
|
|
|a SNBRB2007/04-ccccc
|
| 038 |
|
|
|a SVKKK
|
| 040 |
|
|
|a SVKKK
|b slo
|e AACR2
|
| 041 |
0 |
|
|a eng
|b eng
|
| 044 |
|
|
|a ne
|c NL
|
| 080 |
|
|
|a 552.517
|2 1997
|
| 080 |
|
|
|a 624.137.6
|2 1997
|
| 100 |
1 |
|
|a Hsu, Sung-Chi
|4 aut
|
| 242 |
1 |
0 |
|a Únosnosť vertikálnych kotiev v štrkovej formácii
|
| 245 |
1 |
0 |
|a Pullout performance of vertical anchors in gravel formation
|c Sung-Chi Hsu, Chin-Ming Chang
|
| 300 |
|
|
|b Obr., tab.
|
| 504 |
|
|
|a Bibliogr. odkazy
|
| 504 |
|
|
|a Res. angl.
|
| 650 |
0 |
4 |
|a kotvy skalné vertikálne
|x štrky
|x skúšky únosnosti
|
| 700 |
1 |
|
|a Chang, Chin-Ming
|4 aut
|
| 773 |
0 |
|
|t Engineering geology
|x 0013-7952
|g Roč. 90, č. 1-2 (marec 2007), s. 17-29
|
| 958 |
|
|
|a NB
|
| 992 |
|
|
|a RBX
|
| BAS |
|
|
|
| 852 |
|
|
|a SVKKK
|b BIB
|
| EXP |
|
|
|
| 998 |
|
|
|a GEO
|